000 00346nam a2200121Ia 4500
008 230907s9999||||xx |||||||||||||| ||und||
082 _a363.256
_bDOR
100 _aDorrell, Darrell D.
_9115900
245 0 _aFinancial forensics body of knowledge /
260 _aJohn Wiley & Sons,
_bHoboken, N.J. :
_c2012
300 _axvi, 541 p. :
942 _cBK
999 _c600100
_d600100